000
00330 a2200157 4500
001
191138
020
_a
85-7185-022-4
040
_c
Magnum
100
_a
Mazur, Diane
240
1
0
_a
Uma pedra no sapato
_l
por
245
1
0
_a
Uma pedra no sapato
300
_a
21
362
0
_a
1992
697
_a
LITERATURA INFANTIL
942
_c
BK
999
_c
191138
_d
191138